Normal view
MARC view
- تأليف الدويري،محمد واخرون؛ تقديم مهند مبيضين
Entry Personal Name
001 - CONTROL NUMBER
- control field: 61342
003 - CONTROL NUMBER IDENTIFIER
- control field: JO-AjAnu
005 - DATE AND TIME OF LATEST TRANSACTION
- control field: 20230606084026.0
008 - FIXED-LENGTH DATA ELEMENTS
- fixed length control field: 230606|| aca||aabn | a|a d
040 ## - CATALOGING SOURCE
- Original cataloging agency: JO-AjAnu
- Transcribing agency: JO-AjAnu
100 ## - HEADING--PERSONAL NAME
- Personal name: تأليف الدويري،محمد واخرون؛ تقديم مهند مبيضين
670 ## - SOURCE DATA FOUND
- Source citation: Work cat.: (JO-AjAnu)31291: تأليف الدويري،محمد واخرون؛ تقديم مهند مبيضين, author, محمد حمدان أكاديميا وتربويا